El Mapa dels plans estratègics locals / Estratègies de Qualitat Urbana, S.L.
Publicado:
[Barcelona] :
Diputació de Barcelona, Àrea de Cooperació, Servei de Cooperació Local ,
1998
Descripción Física:
152 p. : il., taules, map. ; 30 cm
Colección:
Elements de debat territorial
MARC
| LEADER | 00000nam a2200000Ia 4500 | ||
|---|---|---|---|
| 001 | 15083 | ||
| 003 | BGR | ||
| 005 | 20260324175323.0 | ||
| 008 | 160829s1998 xx 000 0 cat d | ||
| 080 | |a M-4-279 | ||
| 245 | |a El Mapa dels plans estratègics locals / Estratègies de Qualitat Urbana, S.L. | ||
| 260 | |a [Barcelona] : |b Diputació de Barcelona, Àrea de Cooperació, Servei de Cooperació Local, |c 1998 | ||
| 300 | |a 152 p. : |b il., taules, map. ; |c 30 cm | ||
| 490 | |a Elements de debat territorial | ||
| 650 | |a Serveis municipals |x Barcelona (Província) |x Organització |9 26786 | ||
| 650 | |a Administració local |x Barcelona (Província) |x Organització |9 26787 | ||
| 650 | 0 | |a Planificació estratègica |x Barcelona (Província) |9 19782 | |
| 651 | 0 | |a Barcelona (Catalunya : Província) |x Política urbana |9 55188 | |
| 710 | 1 | |a Barcelona (Catalunya : Província). |b Servei de Cooperació Local |9 2991 | |
| 710 | 2 | |a Estratègies de Qualitat Urbana, S.L. |9 70848 | |
| 901 | |a Arxiu | ||
| 942 | |n 1 |2 udc |c MON | ||
| 952 | |0 0 |1 0 |4 0 |6 M4279 |7 1 |9 44139 |a Arxiu |b Arxiu |d 2016-12-01 |l 0 |o M-4-279 |p 15083 |r 2016-12-01 00:00:00 |w 2016-12-01 |y ARXIU | ||
| 999 | |c 46719 |d 46719 | ||